Monster high fright song - lyrics - Statistics

General Stats
  • This quiz has been taken 114 times
  • The average score is 252 of 355
Answer Stats
Answer % Correct
O
100%
M
99%
N
99%
S
99%
T
99%
E
97%
A
96%
R
96%
Monster
95%
High
92%
Be
91%
Do
88%
You
88%
So
86%
The
86%
We
86%
At
85%
Are
84%
De
82%
My
82%
You're
80%
Don't
78%
Dont
78%
Cool
77%
To
77%
Me
76%
When
76%
Because
74%
How
74%
Kids
74%
Look
74%
Different
73%
Everybody
73%
It's
73%
Not
73%
Yes
73%
Just
72%
Scary
72%
Ghoul
70%
Gorgeous
70%
Rule
70%
Cant
69%
Shy
69%
Where
69%
And
68%
But
68%
Cleo
68%
Dead
68%
Drop
68%
Got
68%
Heart
68%
(Heart)
68%
Ignore
68%
Moon
68%
Style
68%
With
68%
In
66%
Nile
66%
This
66%
Us
66%
Clawdeen
65%
Dies
65%
Down
65%
Freaky
65%
Hallway
65%
Lagoon
65%
Walking
65%
Howl
64%
Is
64%
Party
64%
Smile
64%
Stealing
64%
Give
62%
Never
62%
Even
61%
Make
61%
I'm
59%
Oh,
59%
Oh
59%
Deuce
58%
Monsters
58%
Sinister
58%
Though
58%
Too
58%
Act
57%
Apart
57%
Falling
57%
On
57%
Wanna
57%
Wolf
57%
Come
55%
Mystery
55%
These
55%
Turns
55%
Vile
55%
Creeps
54%
Gives
54%
Fish
53%
Peeps
53%
School
53%
Bizarre
51%
Strange
51%
Cold
50%
Crew
50%
Fabulous
50%
Lagoona
50%
Stone
50%
Student
49%
Fly
47%
Frankie's
47%
Little
47%
Bodies
46%
Chic
46%
Finest
46%
Chills
45%
Darkened
45%
Lie
43%
Beguile
42%
Boos
42%
Draculaura's
42%
Skeleton
42%
Of
36%
Spirits
36%
'Bout
35%
'bout
35%
Piece
35%
Wants
35%
Hey
32%
Let's
31%
Realistic
31%
Uh
31%
We've
30%
Most
26%
Horrific
23%
Characteristic
22%
Best
20%
'Em
19%
Eyes
19%
Knock
19%
Hippin'
15%
No matching quizzes found
Score Distribution
Percent of People with Each Score
Percentile by Number Answered
Your Score History
You have not taken this quiz